| 000 | 00454nam a2200169Ia 4500 | ||
|---|---|---|---|
| 008 | 230524s9999 xx 000 0 und d | ||
| 020 | _a9788174466730 | ||
| 082 |
_a658.132 _bDEB |
||
| 100 | _aTapomoy Deb | ||
| 245 | 0 | _a"Performance Appraisal and Management: Concepts,antecedents and Implications" | |
| 250 | _aIST | ||
| 260 |
_aNEW DELHI _bExcel _c2008 |
||
| 300 | _aIX;393 | ||
| 500 | _aQuantity Number: 17 | ||
| 650 | _aManagement | ||
| 942 | _cBK | ||
| 999 |
_c45721 _d45721 |
||